000 00469nam a2200181Ia 4500
001 11033
005 20260306161916.0
008 260306t2002||||xx |||||||||||||| ||spa||
041 _aESP
082 _a985.001
_bF62 T. 3
100 _aFlores Espinoza, Javier
_eAUT
245 0 _aEl hombre y los Andes:
_bhomenaje a Flanklin Pease G. Y.
260 _c2002
300 _apáginas 1204-1337 :
_c24 cm.
650 _aGEN
654 _aCHU
942 _cLIB
_dJUS
_fJUS
_2ddc
_n
999 _c11033
_d11033